[Event "Minsk Bronstein Memorial op"]
[Site "Minsk"]
[Date "2017.02.18"]
[Round "3"]
[White "Ratkovich, Igor"]
[Black "Grib, Roman"]
[Result "0-1"]
[WhiteElo "2249"]
[BlackElo "2415"]
[PlyCount "214"]
[EventDate "2017.02.18"]
[EventType "swiss (rapid)"]
[EventRounds "10"]
[EventCountry "BLR"]
[SourceTitle "EXT 2018"]
[Source "ChessBase"]
[SourceDate "2017.10.13"]
[SourceVersion "1"]
[SourceVersionDate "2017.10.13"]
[SourceQuality "1"]

1. e4 e5 2. Nf3 Nc6 3. Bb5 a6 4. Ba4 Nf6 5. 0-0 Be7 6. Re1 b5 7. Bb3 0-0 8. h3 d6 9. c3 Nb8 10. d4 Nbd7 11. Nbd2 Bb7 12. Bc2 Re8 13. Nf1 Bf8 14. Ng3 g6 15. b3 Bg7 16. Bg5 h6 17. Bd2 exd4 18. cxd4 c5 19. d5 Nh7 20. Rc1 h5 21. Bd3 Rc8 22. Bf4 Nb6 23. h4 Nf6 24. Ng5 Ng4 25. Be2 Ne5 26. Bxh5 gxh5 27. Qxh5 Qf6 28. Nf5 Qg6 29. Qxg6 Nxg6 30. Bxd6 Nd7 31. h5 Nge5 32. Ne7+ Rxe7 33. Bxe7 Nd3 34. f4 Bd4+ 35. Kf1 Nxc1 36. Rxc1 Be3 37. Rc3 Bxf4 38. Rf3 Bxg5 39. Bxg5 Re8 40. h6 f6 41. Bxf6 Nxf6 42. Rxf6 c4 43. bxc4 bxc4 44. Rb6 Bc8 45. Rc6 Bd7 46. Rc7 Bb5 47. d6 c3+ 48. Kf2 c2 49. Rxc2 Rxe4 50. Rd2 Bd7 51. Kf3 Re6 52. Kf4 Rxh6 53. Ke5 Kf7 54. Rf2+ Ke8 55. Kd5 Rh5+ 56. Kc4 Be6+ 57. Kb4 Kd7 58. Rd2 Rb5+ 59. Ka4 Bd5 60. g4 Be6 61. Rg2 Rg5 62. Kb4 Kxd6 63. Rd2+ Kc6 64. Rc2+ Kb6 65. Rg2 a5+ 66. Ka4 Bd7+ 67. Ka3 Bc6 68. Rg1 Bd5 69. Ka4 Bxa2 70. Rg2 Bd5 71. Rg1 Bc6+ 72. Ka3 Bb5 73. Rg2 Re5 74. g5 Re3+ 75. Kb2 a4 76. g6 a3+ 77. Ka1 Bc4 78. Rg1 Bg8 79. g7 Kc5 80. Rc1+ Kd4 81. Rg1 Ke5 82. Kb1 Kf4 83. Ka1 Kf3 84. Rc1 Kg2 85. Rc2+ Kh3 86. Rc1 Rg3 87. Rd1 Kh4 88. Rb1 Kh5 89. Rc1 Kh6 90. Rd1 Kxg7 91. Rc1 Be6 92. Re1 Kf6 93. Rf1+ Ke7 94. Rd1 Re3 95. Rc1 Kd6 96. Rd1+ Kc5 97. Rc1+ Bc4 98. Rd1 Kb4 99. Rb1+ Bb3 100. Rc1 Rf3 101. Rh1 Kc3 102. Rc1+ Bc2 103. Ka2 Rf8 104. Rg1 Rb8 105. Rc1 Rb2+ 106. Ka1 Kb3 107. Rg1 Ra2# 0-1

[Event "Minsk Inautomarket op"]
[Site "Minsk"]
[Date "2005.07.11"]
[Round "2"]
[White "Ratkovich, Igor"]
[Black "Grachev, Boris V"]
[Result "0-1"]
[WhiteElo "2338"]
[BlackElo "2503"]
[PlyCount "82"]
[EventDate "2005.07.06"]
[EventType "swiss"]
[EventRounds "9"]
[EventCountry "BLR"]
[SourceTitle "CBM 107 Extra"]
[Source "ChessBase"]
[SourceDate "2005.09.01"]
[SourceVersion "1"]
[SourceVersionDate "2005.09.01"]
[SourceQuality "1"]

1. e4 c5 2. Nf3 e6 3. d4 cxd4 4. Nxd4 Nc6 5. Nc3 Qc7 6. g3 a6 7. Bg2 d6 8. 0-0 Bd7 9. Re1 Be7 10. Nxc6 Bxc6 11. a4 Nf6 12. a5 0-0 13. Be3 Nd7 14. Qd2 Rfc8 15. Bd4 b5 16. axb6 Nxb6 17. Bf1 Bb7 18. Nd1 Nd7 19. Nc3 Ne5 20. Qe2 h6 21. f4 Nc6 22. Bf2 Bf6 23. Qd2 Nb4 24. Ra3 d5 25. e5 Be7 26. Ra4 d4 27. Ne4 Nxc2 28. Rc4 Nxe1 29. Qxe1 Qxc4 30. Bxc4 Rxc4 31. b3 Rc2 32. Nd6 d3 33. Be3 Re2 34. Qc1 Bf3 35. Bd2 Bd8 36. Nc4 Rc8 37. Qb1 Rg2+ 38. Kf1 Rxh2 39. Qb2 Bb6 40. Nxb6 Rc2 41. Qd4 Rcxd2 0-1

[Event "BLR-ch"]
[Site "Minsk"]
[Date "2002.02.25"]
[Round "10"]
[White "Ratkovich, Igor"]
[Black "Kochetkov, Vitali"]
[Result "1/2-1/2"]
[WhiteElo "2413"]
[BlackElo "2340"]
[PlyCount "84"]
[EventDate "2002.02.??"]
[EventType "tourn"]
[EventRounds "11"]
[EventCountry "BLR"]
[SourceTitle "EXT 2004"]
[Source "ChessBase"]
[SourceDate "2003.11.25"]
[SourceVersion "1"]
[SourceVersionDate "2003.11.25"]
[SourceQuality "1"]

1. Nf3 d5 2. g3 c6 3. Bg2 Nf6 4. 0-0 g6 5. b3 Bg7 6. Bb2 0-0 7. c4 Nbd7 8. Qc2 b6 9. d3 Bb7 10. Nbd2 c5 11. cxd5 Bxd5 12. a3 a5 13. Rfe1 a4 14. e4 axb3 15. Nxb3 Bb7 16. e5 Ng4 17. e6 Bxb2 18. Qxb2 fxe6 19. Nbd2 e5 20. Qb3+ Kh8 21. h3 Nh6 22. Nxe5 Bxg2 23. Qc3 Nxe5 24. Rxe5 Kg8 25. Kxg2 Nf7 26. Re3 Qd5+ 27. f3 Ra7 28. Rb1 Qd4 29. Qxd4 cxd4 30. Re2 Rxa3 31. Rb3 Rxb3 32. Nxb3 e5 33. f4 exf4 34. gxf4 Nh6 35. Re4 Nf5 36. Nxd4 Nxd4 37. Rxd4 b5 38. Rb4 Rf5 39. Kf3 Kf7 40. Ke4 Ke6 41. d4 Kd6 42. Rb3 Rh5 1/2-1/2

[Event "BLR-ch"]
[Site "Minsk"]
[Date "2002.02.23"]
[Round "8"]
[White "Ratkovich, Igor"]
[Black "Lutsko, Igor"]
[Result "1-0"]
[WhiteElo "2413"]
[BlackElo "2378"]
[PlyCount "125"]
[EventDate "2002.02.??"]
[EventType "tourn"]
[EventRounds "11"]
[EventCountry "BLR"]
[SourceTitle "EXT 2004"]
[Source "ChessBase"]
[SourceDate "2003.11.25"]
[SourceVersion "1"]
[SourceVersionDate "2003.11.25"]
[SourceQuality "1"]

1. Nf3 Nf6 2. d4 c5 3. e3 e6 4. dxc5 Bxc5 5. c4 0-0 6. a3 d5 7. b4 Be7 8. Bb2 dxc4 9. Bxc4 Qxd1+ 10. Kxd1 a5 11. b5 Nbd7 12. a4 Nb6 13. Nbd2 Bd7 14. Bb3 Rfc8 15. Ke2 Nfd5 16. Rac1 f6 17. g3 Rxc1 18. Rxc1 Rc8 19. Rxc8+ Nxc8 20. e4 Nc7 21. Bc3 b6 22. Bd4 Bd8 23. Nc4 Ne8 24. Nfd2 Ned6 25. f4 Kf8 26. Nxd6 Nxd6 27. Bc2 h6 28. e5 fxe5 29. fxe5 Nb7 30. Nc4 Nc5 31. Bxc5+ bxc5 32. Bg6 Ke7 33. h4 Bc7 34. h5 Kd8 35. g4 Kc8 36. Be4 Bd8 37. Kd3 Kb8 38. Bg6 Bc7 39. Be4 Bd8 40. Ke3 Kc8 41. Kd3 Kb8 42. Kc3 Ka7 43. Kc2 Be7 44. Kd3 Bd8 45. Bc6 Bxc6 46. bxc6 Kb8 47. Ke4 Kc7 48. Nxa5 Bh4 49. Kf4 Be1 50. Nc4 Kxc6 51. g5 Bh4 52. g6 Be7 53. Ke4 Bd8 54. a5 Bc7 55. a6 Bb8 56. Nd6 Kb6 57. Ne8 c4 58. Nxg7 Bxe5 59. Nxe6 c3 60. Kd3 Kxa6 61. g7 Bxg7 62. Nxg7 Kb5 63. Nf5 1-0

[Event "BLR-ch"]
[Site "Minsk"]
[Date "2002.02.17"]
[Round "2"]
[White "Dydyshko, Viacheslav"]
[Black "Ratkovich, Igor"]
[Result "0-1"]
[WhiteElo "2526"]
[BlackElo "2413"]
[PlyCount "126"]
[EventDate "2002.02.??"]
[EventType "tourn"]
[EventRounds "11"]
[EventCountry "BLR"]
[SourceTitle "EXT 2004"]
[Source "ChessBase"]
[SourceDate "2003.11.25"]
[SourceVersion "1"]
[SourceVersionDate "2003.11.25"]
[SourceQuality "1"]

1. d4 d6 2. Nf3 g6 3. c4 Bg7 4. Nc3 Nf6 5. g3 0-0 6. Bg2 Nbd7 7. 0-0 e5 8. e3 Re8 9. a4 exd4 10. exd4 a5 11. Be3 Nb8 12. Qd2 Be6 13. b3 Qc8 14. Bh6 Bh3 15. Rfe1 Bxg2 16. Kxg2 Nc6 17. Bxg7 Kxg7 18. Rxe8 Qxe8 19. Re1 Qd7 20. Nb5 Re8 21. d5 Nb4 22. Rxe8 Nxe8 23. Qd4+ Kg8 24. Ng5 b6 25. h4 Na6 26. Qe3 Nf6 27. Qf3 Ne8 28. Nd4 Nc5 29. h5 Qe7 30. hxg6 hxg6 31. Qf4 Qf8 32. Qh4 Qg7 33. Nc6 f5 34. Nd4 Qh8 35. Nge6 Qxh4 36. gxh4 Nxe6 37. Nxe6 Kf7 38. Nd4 Kf6 39. Kf3 Ke5 40. Nb5 f4 41. Kg4 Nf6+ 42. Kg5 Ne4+ 43. Kxg6 Nxf2 44. h5 Ng4 45. Nc3 f3 46. Nd1 Kd4 47. Kf5 Ne3+ 48. Ke6 Nxd1 49. h6 f2 50. h7 f1Q 51. h8Q+ Kc5 52. Qh7 Qe2+ 53. Kd7 Kb4 54. Kxc7 Kxb3 55. Kxd6 Qxc4 56. Qb7 Qc5+ 57. Ke6 Qe3+ 58. Kd7 Nc3 59. d6 Kxa4 60. Qc6+ Kb4 61. Kc8 Nb5 62. Kb7 Nxd6+ 63. Qxd6+ Qc5 0-1

[Event "BLR-ch"]
[Site "Minsk"]
[Date "2002.02.16"]
[Round "1"]
[White "Ratkovich, Igor"]
[Black "Azarov, Sergei Nikolaevich"]
[Result "0-1"]
[WhiteElo "2413"]
[BlackElo "2505"]
[PlyCount "80"]
[EventDate "2002.02.??"]
[EventType "tourn"]
[EventRounds "11"]
[EventCountry "BLR"]
[SourceTitle "EXT 2004"]
[Source "ChessBase"]
[SourceDate "2003.11.25"]
[SourceVersion "1"]
[SourceVersionDate "2003.11.25"]
[SourceQuality "1"]

1. d4 d5 2. c4 e6 3. Nc3 Nf6 4. cxd5 exd5 5. Bg5 Be7 6. e3 Nbd7 7. Bd3 0-0 8. Nge2 Re8 9. 0-0 c6 10. Qc2 Nf8 11. Rad1 Nh5 12. Bxe7 Qxe7 13. Ng3 Nxg3 14. hxg3 h5 15. Bf5 g6 16. Bxc8 Raxc8 17. Rfe1 Nh7 18. f3 Nf6 19. a3 a5 20. Qd2 b5 21. Kf2 a4 22. Rh1 Rb8 23. Na2 Qe6 24. Rhe1 Nd7 25. Nb4 Nb6 26. Qc3 Nc4 27. e4 dxe4 28. fxe4 Rbd8 29. d5 cxd5 30. Nxd5 Ne5 31. Qd4 Rc8 32. Kg1 Rc4 33. Qd2 Ng4 34. Qd3 Qe5 35. Re2 Rec8 36. Rf1 Rc1 37. Rfe1 Rxe1+ 38. Rxe1 Qxb2 39. Rf1 Rc1 40. Ne3 Qf2+ 0-1

[Event "BLR-ch"]
[Site "Minsk"]
[Date "2001.??.??"]
[Round "7"]
[White "Ratkovich, Igor"]
[Black "Kovalev, Andrei"]
[Result "1/2-1/2"]
[WhiteElo "2320"]
[BlackElo "2544"]
[PlyCount "88"]
[EventDate "2001.03.??"]
[EventType "tourn"]
[EventRounds "11"]
[EventCountry "BLR"]
[EventCategory "7"]
[SourceTitle "CBM 081 Extra"]
[Source "ChessBase"]
[SourceDate "2001.05.06"]
[SourceVersion "1"]
[SourceVersionDate "2001.05.06"]
[SourceQuality "1"]

1. d4 Nf6 2. c4 g6 3. Nc3 Bg7 4. e4 d6 5. Nge2 0-0 6. Ng3 c6 7. Be2 a6 8. 0-0 Nbd7 9. Be3 b5 10. b3 h5 11. f3 e5 12. d5 cxd5 13. cxd5 h4 14. Nh1 Nh5 15. Re1 f5 16. a3 Ndf6 17. Ra2 Nf4 18. Nf2 Nxe2+ 19. Raxe2 Nh5 20. exf5 gxf5 21. Rc2 Bd7 22. Qc1 Rc8 23. Bh6 Nf4 24. Bxf4 exf4 25. Ne2 Rxc2 26. Qxc2 Qa5 27. Nd3 Be5 28. b4 Qb6+ 29. Kh1 Rc8 30. Qd1 Rc4 31. Nxe5 dxe5 32. Ng1 Rd4 33. Qb3 Qd6 34. Rd1 Rxd1 35. Qxd1 Kf7 36. Qe1 Qf6 37. Qf2 e4 38. Qa7 Qe7 39. Qd4 Qf6 40. Qa7 Ke7 41. Qc5+ Ke8 42. Qc7 exf3 43. gxf3 Qd4 44. Qd6 Bc8 1/2-1/2

[Event "RUS-Cup"]
[Site "Minsk"]
[Date "2001.??.??"]
[Round "4"]
[White "Ratkovich, Igor"]
[Black "Notkin, Maksim"]
[Result "0-1"]
[WhiteElo "2320"]
[BlackElo "2478"]
[PlyCount "75"]
[EventDate "2001.??.??"]
[EventType "swiss"]
[EventRounds "9"]
[EventCountry "BLR"]
[SourceTitle "EXT 2002"]
[Source "ChessBase"]
[SourceDate "2001.11.25"]
[SourceVersion "1"]
[SourceVersionDate "2001.11.25"]
[SourceQuality "1"]

1. c4 Nf6 2. Nc3 c5 3. g3 e6 4. Nf3 b6 5. Bg2 Bb7 6. 0-0 Be7 7. Re1 d6 8. e4 a6 9. b3 Nbd7 10. d4 cxd4 11. Nxd4 Qc7 12. Bb2 0-0 13. Rc1 Rac8 14. g4 h6 15. f4 Rfe8 16. g5 hxg5 17. fxg5 Nh7 18. g6 Nhf8 19. gxf7+ Kxf7 20. Nce2 Bf6 21. Ng3 b5 22. Rf1 Qb6 23. Kh1 bxc4 24. Nh5 Ke7 25. Nxf6 Nxf6 26. Qe2 Ng6 27. bxc4 Rh8 28. Nb3 Rh4 29. c5 dxc5 30. Nxc5 Rch8 31. Qd2 Qc7 32. h3 Rxh3+ 33. Bxh3 Rxh3+ 34. Kg1 Qg3+ 35. Qg2 Qe3+ 36. Rf2 Rg3 37. Kh1 Bxe4 38. Nxe4 0-1

[Event "BLR-ch"]
[Site "Minsk"]
[Date "2001.??.??"]
[Round "9"]
[White "Ratkovich, Igor"]
[Black "Zhigalko, Andrey"]
[Result "1-0"]
[WhiteElo "2320"]
[BlackElo "2393"]
[PlyCount "83"]
[EventDate "2001.03.??"]
[EventType "tourn"]
[EventRounds "11"]
[EventCountry "BLR"]
[EventCategory "7"]
[SourceTitle "CBM 081 Extra"]
[Source "ChessBase"]
[SourceDate "2001.05.06"]
[SourceVersion "1"]
[SourceVersionDate "2001.05.06"]
[SourceQuality "1"]

1. c4 g6 2. Nc3 Bg7 3. g3 Nf6 4. Bg2 0-0 5. d4 d6 6. Nf3 Nc6 7. 0-0 Rb8 8. h3 a6 9. Qc2 Bd7 10. d5 Na5 11. Nd2 c5 12. Rb1 b5 13. b3 e6 14. e4 exd5 15. cxd5 b4 16. Nd1 Bb5 17. Re1 Re8 18. Ne3 h5 19. h4 Nd7 20. Bb2 Bxb2 21. Rxb2 Ne5 22. Ndc4 Bxc4 23. bxc4 Nd7 24. Qa4 Ne5 25. Qc2 Re7 26. f4 Nd7 27. Bf1 Nb6 28. Bd3 Qd7 29. Qg2 Rf8 30. Rbe2 Na4 31. g4 Nc3 32. gxh5 Nxe2+ 33. Rxe2 Kh8 34. Kh2 Qe8 35. e5 dxe5 36. hxg6 fxg6 37. Bxg6 Qd7 38. f5 Nb7 39. Qg5 e4 40. Ng4 Nd6 41. f6 Ree8 42. Qh5+ 1-0

[Event "RUS-Cup"]
[Site "Minsk"]
[Date "2000.??.??"]
[Round "1"]
[White "Ratkovich, Igor"]
[Black "Kuporosov, Viktor"]
[Result "1/2-1/2"]
[WhiteElo "2252"]
[BlackElo "2470"]
[PlyCount "30"]
[EventDate "2000.??.??"]
[EventType "swiss"]
[EventRounds "9"]
[EventCountry "BLR"]
[SourceTitle "EXT 2001"]
[Source "ChessBase"]
[SourceDate "2000.11.22"]
[SourceVersion "1"]
[SourceVersionDate "2000.11.22"]
[SourceQuality "1"]

1. e4 c5 2. Nc3 e6 3. Nf3 a6 4. d4 cxd4 5. Nxd4 Qc7 6. Bd3 Nf6 7. 0-0 d6 8. Kh1 b5 9. a3 Bb7 10. f4 Nbd7 11. Qe1 Be7 12. Qg3 g6 13. Nb3 Rc8 14. Bd2 d5 15. exd5 Nxd5 1/2-1/2